[Event "Colin Crouch Masters 1st"]
[Site "Harrow High School"]
[Date "2016.04.05"]
[Round "4.4"]
[White "Tan, Justin"]
[Black "Lalic, Bogdan"]
[Result "1/2-1/2"]
[WhiteElo "2452"]
[BlackElo "2425"]
[PlyCount "47"]
[EventDate "2016.04.02"]
[EventType "swiss"]
[EventRounds "9"]
[EventCountry "ENG"]
[Source "John Saunders"]
[SourceDate "2016.04.28"]
[WhiteClock "0:49:05"]
[BlackClock "1:12:25"]

1. e4 c5 2. Nf3 d6 3. d4 cxd4 4. Nxd4 Nf6 5. Nc3 a6 6. h3 e6 7. g4 Be7 8. Bg2
Nfd7 9. Nce2 Nc6 10. c3 Qc7 11. O-O O-O 12. f4 Re8 13. Be3 Bf8 14. Ng3 Rb8 15.
Qd2 b6 16. Nxc6 Qxc6 17. e5 Qc7 18. exd6 Bxd6 19. Ne4 Be7 20. Bd4 Bb7 21. Qf2
Bxe4 22. Bxe4 Bc5 23. Rad1 Rbd8 24. Bg2 1/2-1/2

[Event "Colin Crouch Masters 1st"]
[Site "Harrow High School"]
[Date "2016.04.05"]
[Round "4.5"]
[White "Osborne, Marcus E"]
[Black "Eggleston, David J"]
[Result "1-0"]
[WhiteElo "2213"]
[BlackElo "2400"]
[PlyCount "51"]
[EventDate "2016.04.02"]
[EventType "swiss"]
[EventRounds "9"]
[EventCountry "ENG"]
[Source "John Saunders"]
[SourceDate "2016.04.28"]
[WhiteClock "0:28:27"]
[BlackClock "0:26:42"]

1. c4 Nf6 2. Nc3 e6 3. e4 c5 4. e5 Ng8 5. Nf3 Nc6 6. d4 cxd4 7. Nxd4 Nxe5 8.
Ndb5 f6 9. Be3 a6 10. Nd6+ Bxd6 11. Qxd6 Ne7 12. Bb6 Nf5 13. Qb4 Nc6 14. Qc5
Qe7 15. Qxe7+ Kxe7 16. O-O-O d6 17. g4 Nh6 18. f4 f5 19. gxf5 Nxf5 20. Bh3 e5
21. c5 dxc5 22. fxe5 Be6 23. Ne4 h6 24. Bxc5+ Kf7 25. Rhf1 Kg6 26. Bxf5+ 1-0

[Event "Colin Crouch Masters 1st"]
[Site "Harrow High School"]
[Date "2016.04.05"]
[Round "4.6"]
[White "Jackson, James P"]
[Black "Hill, Alistair"]
[Result "1-0"]
[WhiteElo "2348"]
[BlackElo "2204"]
[PlyCount "61"]
[EventDate "2016.04.02"]
[EventType "swiss"]
[EventRounds "9"]
[EventCountry "ENG"]
[Source "John Saunders"]
[SourceDate "2016.04.28"]
[WhiteClock "0:31:18"]
[BlackClock "0:22:17"]

1. e4 c5 2. c3 e6 3. d4 d5 4. exd5 exd5 5. Nf3 Nc6 6. Bb5 Bd6 7. dxc5 Bxc5 8.
O-O Nge7 9. Nbd2 O-O 10. Nb3 Bb6 11. Re1 Bg4 12. Be3 a5 13. a4 Qc7 14. Bxb6
Qxb6 15. h3 Bh5 16. Qd3 Rad8 17. Nfd4 Bg6 18. Qe3 Qc7 19. Bxc6 Nxc6 20. Nxc6
bxc6 21. Qc5 Rb8 22. Nxa5 Rxb2 23. Nxc6 Qf4 24. Ne7+ Kh8 25. Nxd5 Qb8 26. a5
Rc8 27. Qd4 Bf5 28. a6 Be6 29. a7 Qb7 30. Nb6 Rxb6 31. a8=Q 1-0

[Event "Colin Crouch Masters 1st"]
[Site "Harrow High School"]
[Date "2016.04.05"]
[Round "4.7"]
[White "Brzezinski, Adam"]
[Black "Batchelor, Peter J"]
[Result "1-0"]
[WhiteElo "2203"]
[BlackElo "2335"]
[PlyCount "116"]
[EventDate "2016.04.02"]
[EventType "swiss"]
[EventRounds "9"]
[EventCountry "ENG"]
[Source "John Saunders"]
[SourceDate "2016.04.28"]
[WhiteClock "0:04:42"]
[BlackClock "0:12:07"]

1. d4 Nf6 2. c4 e6 3. Nc3 Bb4 4. e3 b6 5. Nge2 Ba6 6. a3 Be7 7. Nf4 O-O 8. g4
Bb7 9. d5 e5 10. Nd3 d6 11. Rg1 Ne8 12. Bg2 Nd7 13. Nb4 Bh4 14. Nc6 Bxc6 15.
dxc6 Nc5 16. b4 Ne6 17. Bb2 a5 18. Qc2 axb4 19. axb4 Rxa1+ 20. Bxa1 Qg5 21. Qe2
g6 22. Bd5 N8g7 23. Kd1 Ra8 24. Bb2 Qd8 25. Kc2 Qe8 26. Qf3 Kh8 27. Qg2 f5 28.
h3 Bf6 29. Qh1 Qf8 30. Ra1 h5 31. gxf5 gxf5 32. Qg2 Rxa1 33. Bxa1 Qe8 34. Bb2
Kh7 35. Ne2 h4 36. f4 Qg6 37. Qxg6+ Kxg6 38. Bc3 Nf8 39. Be1 exf4 40. Nxf4+ Kh6
41. Bf7 Be5 42. Bxh4 Bxf4 43. exf4 Nfe6 44. Bf2 Nxf4 45. Bxb6 Nfe6 46. Bf2 Kg5
47. b5 Kf6 48. Bg8 f4 49. b6 cxb6 50. Bxb6 Nf5 51. Bd8+ Ke5 52. c7 Nxc7 53.
Bxc7 f3 54. Kd2 Kf4 55. c5 f2 56. Bc4 Ke5 57. cxd6 Kd4 58. Bf1 Kd5 1-0

[Event "Colin Crouch Masters 1st"]
[Site "Harrow High School"]
[Date "2016.04.05"]
[Round "4.8"]
[White "Willmoth, Robert F"]
[Black "Lyell, Mark"]
[Result "1-0"]
[WhiteElo "2152"]
[BlackElo "2242"]
[PlyCount "137"]
[EventDate "2016.04.02"]
[EventType "swiss"]
[EventRounds "9"]
[EventCountry "ENG"]
[Source "John Saunders"]
[SourceDate "2016.04.28"]
[WhiteClock "0:07:42"]
[BlackClock "0:01:15"]

1. Nf3 f5 2. g3 Nf6 3. Bg2 d6 4. d4 e6 5. O-O Be7 6. c4 O-O 7. Nc3 Ne4 8. Nxe4
fxe4 9. Nd2 d5 10. f3 Nc6 11. fxe4 Rxf1+ 12. Nxf1 dxc4 13. Be3 Bd7 14. Nd2 b5
15. e5 Rb8 16. Ne4 Nb4 17. Bf2 Bc6 18. a3 Nd5 19. Qc2 Qe8 20. Nc3 Nxc3 21. Qxc3
Bxg2 22. Kxg2 c5 23. Qf3 cxd4 24. Bxd4 Qd7 25. Qe4 Rd8 26. Be3 a6 27. h4 Qd5
28. Kf3 Bc5 29. Qxd5 Rxd5 30. Bxc5 Rxc5 31. e4 Kf7 32. Ke3 Rc7 33. a4 Rd7 34.
axb5 axb5 35. g4 Rd3+ 36. Kf4 Rd2 37. b3 c3 38. b4 Rd4 39. Rc1 Rd3 40. h5 Ke7
41. g5 Kd7 42. Rc2 Kc6 43. Rc1 Kb6 44. h6 g6 45. Rc2 Kb7 46. Rc1 Rd4 47. Rxc3
Rxb4 48. Ke3 Kb6 49. Rc8 Rc4 50. Rb8+ Ka6 51. Kd3 Rc1 52. Re8 Rg1 53. Rxe6+ Ka5
54. Re7 Rxg5 55. Kd4 Kb6 56. Rxh7 Kc6 57. Rg7 b4 58. h7 Rh5 59. Rxg6+ Kd7 60.
Ra6 b3 61. Ra7+ Ke6 62. Rb7 b2 63. Rxb2 Kf7 64. Kd5 Kg7 65. Rb7+ Kh8 66. Rb1
Kxh7 67. Rg1 Rh2 68. e6 Ra2 69. e7 1-0

[Event "Colin Crouch Masters 1st"]
[Site "Harrow High School"]
[Date "2016.04.05"]
[Round "4.9"]
[White "Jones, Steven A"]
[Black "Britton, Richard L"]
[Result "0-1"]
[WhiteElo "2211"]
[BlackElo "2186"]
[PlyCount "42"]
[EventDate "2016.04.02"]
[EventType "swiss"]
[EventRounds "9"]
[EventCountry "ENG"]
[Source "John Saunders"]
[SourceDate "2016.04.28"]
[WhiteClock "0:52:38"]
[BlackClock "0:26:10"]

1. e4 c5 2. Nf3 d6 3. d4 cxd4 4. Nxd4 Nf6 5. Nc3 a6 6. Be3 e5 7. Nb3 Be6 8. f3
Nbd7 9. Qd2 b5 10. O-O-O Rc8 11. g4 Nb6 12. Qf2 Nfd7 13. Nd5 Bxd5 14. exd5 Nc4
15. Nd2 Qa5 16. Kb1 Nxb2 17. Rc1 Na4 18. c4 Nc3+ 19. Kb2 b4 20. Ra1 Qa3+ 21.
Kc2 Nxd5 0-1

[Event "Colin Crouch Masters 1st"]
[Site "Harrow High School"]
[Date "2016.04.05"]
[Round "4.10"]
[White "Tarhon, Brian"]
[Black "Grieve, Harry"]
[Result "1-0"]
[WhiteElo "2293"]
[BlackElo "2106"]
[PlyCount "51"]
[EventDate "2016.04.02"]
[EventType "swiss"]
[EventRounds "9"]
[EventCountry "ENG"]
[Source "John Saunders"]
[SourceDate "2016.04.28"]
[WhiteClock "0:07:24"]
[BlackClock "0:17:26"]

1. e4 d5 2. exd5 Qxd5 3. Nc3 Qd8 4. d4 Nf6 5. Bc4 Bg4 6. Nf3 e6 7. h3 Bxf3 8.
Qxf3 c6 9. Be3 Bb4 10. O-O Bxc3 11. bxc3 Nd5 12. Qg3 O-O 13. Bh6 Qf6 14. Bg5
Qg6 15. Bd3 f5 16. c4 Nf6 17. Rab1 b6 18. Rfe1 Re8 19. c5 bxc5 20. Bxf6 Qxf6
21. Rb7 f4 22. Qg4 g6 23. Re4 Qf5 24. Qh4 g5 25. Qh6 Qg6 26. Rxe6 1-0

[Event "Colin Crouch Masters 1st"]
[Site "Harrow High School"]
[Date "2016.04.05"]
[Round "4.11"]
[White "Rice, Chris B"]
[Black "Wadsworth, Matthew J"]
[Result "1/2-1/2"]
[WhiteElo "2038"]
[BlackElo "2290"]
[PlyCount "87"]
[EventDate "2016.04.02"]
[EventType "swiss"]
[EventRounds "9"]
[EventCountry "ENG"]
[Source "John Saunders"]
[SourceDate "2016.04.28"]
[WhiteClock "0:20:45"]
[BlackClock "0:19:36"]

1. c4 e5 2. g3 Nf6 3. Bg2 c6 4. d4 exd4 5. Qxd4 Na6 6. Nf3 Bc5 7. Qe5+ Be7 8.
O-O O-O 9. Nc3 Re8 10. Rd1 d6 11. Qd4 Nc5 12. b4 Ne6 13. Qd3 a5 14. b5 Bd7 15.
Rb1 Rc8 16. Ba3 cxb5 17. Nxb5 Bxb5 18. Rxb5 Qc7 19. Nd2 b6 20. Bh3 Bf8 21. Bb2
Nd7 22. Qf5 Ndc5 23. Bg2 g6 24. Qc2 Bg7 25. Bxg7 Nxg7 26. e3 Nge6 27. Bd5 Rb8
28. Rdb1 Qd8 29. Qb2 Qe7 30. Bxe6 Qxe6 31. Qd4 Na4 32. Rd5 Rbd8 33. Rxb6 Nxb6
34. Qxb6 a4 35. Qb4 Qf6 36. Qxa4 Ra8 37. Qc6 Qa1+ 38. Kg2 Qxa2 39. Rxd6 Qc2 40.
Qd5 Rac8 41. Rd7 Re6 42. Qf3 Rf8 43. Qd5 Rc8 44. Qf3 1/2-1/2

[Event "Colin Crouch Masters 1st"]
[Site "Harrow High School"]
[Date "2016.04.05"]
[Round "4.12"]
[White "Topal, M Onat"]
[Black "Rudd, Jack"]
[Result "1-0"]
[WhiteElo "1998"]
[BlackElo "2263"]
[PlyCount "41"]
[EventDate "2016.04.02"]
[EventType "swiss"]
[EventRounds "9"]
[EventCountry "ENG"]
[Source "John Saunders"]
[SourceDate "2016.04.28"]
[WhiteClock "0:25:11"]
[BlackClock "1:13:56"]

1. Nf3 Nc6 2. d4 d5 3. c4 Bg4 4. Nc3 Nf6 5. Bg5 Ne4 6. cxd5 Nxc3 7. bxc3 Qxd5
8. Bf4 O-O-O 9. Qb3 Qa5 10. Rb1 Bf5 11. Qxb7+ Kd7 12. Rc1 f6 13. e3 Rb8 14. Qa6
Rb1 15. Rxb1 Qxc3+ 16. Nd2 Bxb1 17. Bb5 Be4 18. d5 Bxd5 19. e4 Bxe4 20. O-O Bd5
21. Nb3 1-0

[Event "Colin Crouch Masters 1st"]
[Site "Harrow High School"]
[Date "2016.04.05"]
[Round "4.13"]
[White "Brozel, Sacha"]
[Black "Warman, Simon M"]
[Result "0-1"]
[WhiteElo "1981"]
[BlackElo "2130"]
[PlyCount "60"]
[EventDate "2016.04.02"]
[EventType "swiss"]
[EventRounds "9"]
[EventCountry "ENG"]
[Source "John Saunders"]
[SourceDate "2016.04.28"]
[WhiteClock "0:23:14"]
[BlackClock "0:33:53"]

1. c4 Nf6 2. g3 g6 3. Bg2 Bg7 4. Nc3 c5 5. e4 d6 6. Nge2 O-O 7. O-O Na6 8. d3
Nc7 9. h3 Rb8 10. Be3 b5 11. Qd2 Be6 12. cxb5 Nxb5 13. Nxb5 Rxb5 14. d4 Qb6 15.
b3 Rd8 16. Rfd1 Rc8 17. Rac1 Qb8 18. f4 Rb4 19. dxc5 Nxe4 20. Bxe4 Rxe4 21.
cxd6 Rxc1 22. Rxc1 exd6 23. g4 a5 24. Nc3 Rb4 25. Nd5 Bxd5 26. Qxd5 Qe8 27. Kf2
Re4 28. Qb7 Bf8 29. Rc3 Qe6 30. Qc8 Rxe3 0-1

[Event "Colin Crouch Masters 1st"]
[Site "Harrow High School"]
[Date "2016.04.05"]
[Round "4.14"]
[White "Stanisz, Patryk"]
[Black "Golding, Alex"]
[Result "1-0"]
[WhiteElo "2128"]
[BlackElo "1994"]
[PlyCount "56"]
[EventDate "2016.04.02"]
[EventType "swiss"]
[EventRounds "9"]
[EventCountry "ENG"]
[Source "John Saunders"]
[SourceDate "2016.04.28"]
[WhiteClock "0:25:03"]
[BlackClock "0:15:18"]

1. d4 Nf6 2. c4 g6 3. Nc3 Bg7 4. e4 d6 5. Bd3 O-O 6. Nge2 c5 7. d5 e6 8. O-O
exd5 9. cxd5 a6 10. a4 Re8 11. Ng3 Nbd7 12. f4 h5 13. e5 dxe5 14. f5 e4 15.
Ngxe4 Ng4 16. fxg6 f5 17. Ng5 Bd4+ 18. Kh1 Nde5 19. Nh3 Nxg6 20. Bxf5 Bxf5 21.
Rxf5 Qd6 22. g3 Rf8 23. Rxh5 N4e5 24. Nf4 Rae8 25. Rg5 Kg7 26. Ne4 Qd7 27. Qh5
Rxf4 28. Bxf4 a5 1-0

[Event "Colin Crouch Masters 1st"]
[Site "Harrow High School"]
[Date "2016.04.05"]
[Round "4.15"]
[White "Young, Daniel J"]
[Black "Golding, James"]
[Result "1/2-1/2"]
[WhiteElo "1807"]
[BlackElo "2095"]
[PlyCount "45"]
[EventDate "2016.04.02"]
[EventType "swiss"]
[EventRounds "9"]
[EventCountry "ENG"]
[Source "John Saunders"]
[SourceDate "2016.04.28"]
[WhiteClock "0:46:48"]
[BlackClock "1:17:54"]

1. e4 e5 2. Nf3 Nc6 3. Bb5 a6 4. Ba4 Nf6 5. O-O b5 6. Bb3 Bc5 7. Nxe5 Nxe5 8.
d4 Bxd4 9. Qxd4 d6 10. f4 c5 11. Qc3 Neg4 12. e5 c4 13. exf6 Qb6+ 14. Be3 Nxe3
15. Re1 O-O 16. Qxe3 Qxe3+ 17. Rxe3 gxf6 18. Bxc4 bxc4 19. Nd2 d5 20. Nf3 Bf5
21. Nd4 Be4 22. Rc3 Rfc8 23. Rc1 1/2-1/2

[Event "Colin Crouch Masters 1st"]
[Site "Harrow High School"]
[Date "2016.04.05"]
[Round "4.17"]
[White "Mandnikar, Atreya"]
[Black "Fegan, Chris"]
[Result "0-1"]
[WhiteElo "1689"]
[BlackElo "2079"]
[PlyCount "108"]
[EventDate "2016.04.02"]
[EventType "swiss"]
[EventRounds "9"]
[EventCountry "ENG"]
[Source "John Saunders"]
[SourceDate "2016.04.28"]

1. e4 d6 2. d4 Nf6 3. Nc3 g6 4. Nf3 Bg7 5. Bc4 O-O 6. Bb3 Nc6 7. O-O Na5 8. Bg5
Nxb3 9. axb3 h6 10. Be3 a6 11. Qd2 Kh7 12. h3 b5 13. Nxb5 Nxe4 14. Qe2 Bxh3 15.
Bxh6 Bxh6 16. Qxe4 Bf5 17. Qh4 axb5 18. g4 Bxg4 19. Qxg4 Qc8 20. Qxc8 Rfxc8 21.
Rfe1 e6 22. Red1 Kg7 23. Ne1 Kf6 24. Nd3 Ke7 25. Nb4 Bg7 26. c3 Kd7 27. d5 Rh8
28. Kg2 Be5 29. Nc6 Rxa1 30. Nxe5+ dxe5 31. dxe6+ Kxe6 32. Rxa1 Rd8 33. c4 Rd2
34. Ra6+ Ke7 35. cxb5 Rxb2 36. b6 cxb6 37. Rxb6 e4 38. Kg3 g5 39. Rb7+ Kf6 40.
Rb6+ Kg7 41. Rb4 f5 42. Rb5 Kg6 43. f4 exf3 44. Kxf3 g4+ 45. Kf4 Rf2+ 46. Kg3
Rf3+ 47. Kg2 Kg5 48. b4 Rb3 49. Rb8 Kf4 50. b5 Rb2+ 51. Kg1 Kf3 52. b6 Rb1+ 53.
Kh2 g3+ 54. Kh3 Rh1# 0-1

[Event "Colin Crouch Masters 1st"]
[Site "Harrow High School"]
[Date "2016.04.05"]
[Round "4.18"]
[White "Armstrong, William G"]
[Black "Kolodkin, Daniil"]
[Result "0-1"]
[WhiteElo "1868"]
[BlackElo "2104"]
[PlyCount "55"]
[EventDate "2016.04.02"]
[EventType "swiss"]
[EventRounds "9"]
[EventCountry "ENG"]
[Source "John Saunders"]
[SourceDate "2016.04.28"]

1. Nf3 g6 2. e4 Bg7 3. d4 d6 4. c4 Bg4 5. Be3 Bxf3 6. gxf3 c5 7. Nc3 Qa5 8. Be2
Nc6 9. d5 Nd4 10. Bd2 Qc7 11. O-O Nf6 12. f4 O-O 13. Kh1 a6 14. a4 e6 15. Bd3
exd5 16. exd5 Qd7 17. Rg1 Qh3 18. Rg3 Qh4 19. Qf1 Nb3 20. Be3 Nxa1 21. f3 Nh5
22. Rh3 Qe7 23. Rxh5 Qxe3 24. Rh4 Bxc3 25. bxc3 Rae8 26. Qh3 Qxd3 27. Rxh7 Re1+
28. Kg2 0-1

[Event "Colin Crouch Masters 1st"]
[Site "Harrow High School"]
[Date "2016.04.05"]
[Round "4.19"]
[White "Moreby, James"]
[Black "Robinson, Nette"]
[Result "1-0"]
[WhiteElo "2008"]
[BlackElo "1501"]
[PlyCount "47"]
[EventDate "2016.04.02"]
[EventType "swiss"]
[EventRounds "9"]
[EventCountry "ENG"]
[Source "John Saunders"]
[SourceDate "2016.04.28"]
[WhiteClock "1:13:20"]
[BlackClock "1:02:24"]

1. d4 d5 2. c4 e5 3. dxe5 d4 4. Nf3 Nc6 5. a3 f6 6. exf6 Qxf6 7. g3 Bg4 8. Bg2
O-O-O 9. Bg5 Qd6 10. Bxd8 Qxd8 11. Nbd2 Nge7 12. O-O Nf5 13. h3 Bxf3 14. Nxf3
g6 15. b4 Bg7 16. Rc1 Re8 17. b5 Na5 18. c5 Re7 19. b6 axb6 20. cxb6 c6 21. Rb1
Nc4 22. Qa4 Nxb6 23. Qa7 Nd5 24. Qa8+ 1-0

[Event "Colin Crouch Masters 1st"]
[Site "Harrow High School"]
[Date "2016.04.05"]
[Round "4.20"]
[White "Harari, Zaki"]
[Black "Kalaiyalahan, Akshaya"]
[Result "1/2-1/2"]
[WhiteElo "2065"]
[BlackElo "2212"]
[PlyCount "108"]
[EventDate "2016.04.02"]
[EventType "swiss"]
[EventRounds "9"]
[EventCountry "ENG"]
[Source "John Saunders"]
[SourceDate "2016.04.28"]
[WhiteClock "0:08:15"]
[BlackClock "0:10:00"]

1. e4 c5 2. Nf3 e6 3. d3 Nc6 4. g3 Nf6 5. Bg2 Be7 6. O-O O-O 7. e5 Ng4 8. Re1
f6 9. exf6 Bxf6 10. h3 Nge5 11. Nxe5 Nxe5 12. Nd2 d5 13. Nf1 Bd7 14. Bf4 Ng6
15. Bd6 Rf7 16. Bxc5 Bxb2 17. Rb1 Bc3 18. Re2 b6 19. Bb4 Bd4 20. c4 Bc6 21. Ne3
Qd7 22. cxd5 exd5 23. Qb3 a5 24. Bc3 a4 25. Qb2 Bc5 26. d4 Be7 27. Qxb6 Bd8 28.
Qb2 Bc7 29. Qd2 h5 30. Qd3 Ne7 31. h4 Raf8 32. Be1 Rf6 33. Rc2 Kh8 34. Rbc1 Rb8
35. Qe2 g6 36. Qd2 Kg7 37. Qc3 Bd6 38. Rb2 Rc8 39. Qd3 Bb5 40. Qb1 Rxc1 41.
Qxc1 Ba3 42. Qc3 Bxb2 43. Qxb2 Rb6 44. Qa3 Bc6 45. Bb4 Rb7 46. Qc3 Qe6 47. a3
Rc7 48. Kh2 Qf6 49. Kg1 Qe6 50. Qc5 Qd7 51. Qc3 Bb7 52. Bc5 Qb5 53. Qd2 Bc6 54.
g4 Qb1+ 1/2-1/2

[Event "Colin Crouch Masters 1st"]
[Site "Harrow High School"]
[Date "2016.04.05"]
[Round "4.23"]
[White "Psaila, Clarence"]
[Black "Ross, Chris N"]
[Result "1/2-1/2"]
[WhiteElo "2067"]
[BlackElo "2194"]
[PlyCount "142"]
[EventDate "2016.04.02"]
[EventType "swiss"]
[EventRounds "9"]
[EventCountry "ENG"]
[Source "John Saunders"]
[SourceDate "2016.04.28"]

1. e4 c5 2. Nf3 e6 3. c3 d5 4. e5 Nc6 5. d4 Qb6 6. Be2 Nge7 7. Na3 cxd4 8. cxd4
Nf5 9. Nc2 Bd7 10. O-O Be7 11. Rb1 a5 12. Be3 O-O 13. Bd3 Nxe3 14. fxe3 f5 15.
Nd2 Nb4 16. Nxb4 axb4 17. a3 bxa3 18. bxa3 Qc7 19. Qc2 Rfc8 20. Qxc7 Rxc7 21.
Rfc1 Rxc1+ 22. Rxc1 Rxa3 23. Rc7 Rxd3 24. Rxd7 Kf8 25. Nf3 b5 26. Rb7 b4 27.
Kf2 g5 28. Ke2 Ra3 29. Nd2 g4 30. Nb1 Ra2+ 31. Nd2 h5 32. h3 h4 33. Rb8+ Kf7
34. Rb7 Ra3 35. Nb1 Ra1 36. Nd2 gxh3 37. gxh3 Ke8 38. Nf1 Ra3 39. Rb8+ Kd7 40.
Rb7+ Kd8 41. Rb6 Kd7 42. Rb7+ Ke8 43. Rb8+ Kf7 44. Rb7 Rc3 45. Kd2 Rc8 46. Ke2
Rc1 47. Rb8 Rc6 48. Rb7 Ke8 49. Rb8+ Kd7 50. Rb7+ Kd8 51. Kd2 Ra6 52. Ke2 Ra8
53. Rb6 Kd7 54. Rb7+ Ke8 55. Rb6 Kf7 56. Rb7 Rg8 57. Kf2 Rg6 58. Rb6 Ke8 59.
Rb8+ Kd7 60. Rb7+ Kd8 61. Kf3 Rg7 62. Rb6 Kd7 63. Kf2 Kc7 64. Rxe6 b3 65. Ra6
Rg3 66. Ra7+ Kc8 67. Rxe7 b2 68. Re8+ Kc7 69. Re7+ Kc8 70. Re8+ Kc7 71. Re7+ {
Rxh3 Nd2+ Rg3 Re8} Kc8 {(Not sure what's happening at the end - illegal moves
played? - but this is how I received the game from the organisers - JS)}
1/2-1/2

[Event "Colin Crouch Masters 1st"]
[Site "Harrow High School"]
[Date "2016.04.06"]
[Round "5.1"]
[White "Vakhidov, Jahongir"]
[Black "Fodor, Tamas Jr"]
[Result "1-0"]
[WhiteElo "2576"]
[BlackElo "2505"]
[PlyCount "71"]
[EventDate "2016.04.02"]
[EventType "swiss"]
[EventRounds "9"]
[EventCountry "ENG"]
[Source "John Saunders"]
[SourceDate "2016.04.28"]
[WhiteClock "0:27:21"]
[BlackClock "0:19:04"]

1. c4 e5 2. d3 Nf6 3. Nf3 Nc6 4. a3 a5 5. Nc3 h6 6. e4 d6 7. h3 g6 8. Be3 Bg7
9. Be2 Nd7 10. d4 O-O 11. O-O b6 12. dxe5 dxe5 13. Qd2 Kh7 14. Rfd1 Nc5 15. Qd5
Qxd5 16. cxd5 Nd4 17. Nxd4 exd4 18. Bxd4 Bxd4 19. Rxd4 Nb3 20. Rad1 Nxd4 21.
Rxd4 Bd7 22. Bb5 Rfd8 23. Rc4 Ra7 24. Bxd7 Rxd7 25. Nb5 Rb7 26. f3 Kg8 27. Kf2
Kf8 28. Ke3 Ke7 29. Rc6 Rb8 30. Nxc7 Kd8 31. d6 Rxd6 32. Rxd6+ Kxc7 33. Rf6 Rf8
34. a4 h5 35. h4 Kb7 36. Kf4 1-0

[Event "Colin Crouch Masters 1st"]
[Site "Harrow High School"]
[Date "2016.04.06"]
[Round "5.2"]
[White "Berkes, Ferenc"]
[Black "Jackson, James P"]
[Result "1/2-1/2"]
[WhiteElo "2644"]
[BlackElo "2348"]
[PlyCount "108"]
[EventDate "2016.04.02"]
[EventType "swiss"]
[EventRounds "9"]
[EventCountry "ENG"]
[Source "John Saunders"]
[SourceDate "2016.04.28"]
[WhiteClock "0:06:49"]
[BlackClock "0:26:29"]

1. g3 Nf6 2. Bg2 g6 3. e4 d6 4. d4 Bg7 5. Ne2 O-O 6. O-O Nbd7 7. Nbc3 Rb8 8. a4
c5 9. h3 b6 10. Re1 a6 11. Bg5 Bb7 12. Qd2 Re8 13. Rad1 Qc7 14. Bh6 Bh8 15. d5
Bc8 16. g4 b5 17. axb5 axb5 18. Ng3 b4 19. Nce2 Nb6 20. b3 Bb7 21. f4 Ra8 22.
f5 Ra2 23. Nc1 Ra1 24. Nd3 Rxd1 25. Rxd1 Nfd7 26. Rf1 Ne5 27. Nxe5 Bxe5 28. Qf2
Bd4 29. Be3 Bxe3 30. Qxe3 Nd7 31. Qh6 c4 32. e5 dxe5 33. bxc4 e4 34. Nxe4 Qxc4
35. fxg6 Qd4+ 36. Kh1 hxg6 37. Ng5 Nf6 38. Ne6 fxe6 39. Qxg6+ Kf8 40. g5 Bxd5
41. gxf6 exf6 42. Rxf6+ Ke7 43. Rf7+ Kd8 44. Bxd5 Qxd5+ 45. Kh2 Qd6+ 46. Kg2
Qc6+ 47. Kg3 Kc8 48. Rf4 Rd8 49. h4 Qd6 50. h5 Qe5 51. Qe4 Rg8+ 52. Kf2 Qc5+
53. Ke2 Qxh5+ 54. Kd2 Qd5+ 1/2-1/2

[Event "Colin Crouch Masters 1st"]
[Site "Harrow High School"]
[Date "2016.04.06"]
[Round "5.3"]
[White "Brzezinski, Adam"]
[Black "Tan, Justin"]
[Result "0-1"]
[WhiteElo "2203"]
[BlackElo "2452"]
[PlyCount "80"]
[EventDate "2016.04.02"]
[EventType "swiss"]
[EventRounds "9"]
[EventCountry "ENG"]
[Source "John Saunders"]
[SourceDate "2016.04.28"]
[WhiteClock "0:00:43"]
[BlackClock "0:06:45"]

1. d4 Nf6 2. c4 e6 3. g3 d5 4. Nf3 Bb4+ 5. Bd2 Bd6 6. Bg2 c6 7. Qc2 Nbd7 8. O-O
O-O 9. b3 Ne4 10. Bc1 Qe7 11. Bb2 f5 12. Nbd2 b6 13. Ne5 Nxe5 14. dxe5 Bc5 15.
Nf3 a5 16. Ne1 a4 17. Nd3 a3 18. Bc1 Bd4 19. Rb1 b5 20. cxb5 cxb5 21. e3 Bb6
22. f3 Nc5 23. b4 Na4 24. Bd2 Bb7 25. Rfc1 Rfc8 26. Qb3 Rc4 27. Nc5 Nxc5 28.
bxc5 Bxc5 29. Qxb5 Ba6 30. Qb3 Rxc1+ 31. Bxc1 Bc4 32. Qc2 Qa7 33. Qd2 d4 34.
exd4 Rd8 35. Kh1 Rxd4 36. Qe1 Bxa2 37. Ra1 Bb3 38. Be3 Rd3 39. Bxc5 Qxc5 40.
Rc1 Qxc1 0-1

[Event "Colin Crouch Masters 1st"]
[Site "Harrow High School"]
[Date "2016.04.06"]
[Round "5.4"]
[White "Lalic, Bogdan"]
[Black "Willmoth, Robert F"]
[Result "1/2-1/2"]
[WhiteElo "2425"]
[BlackElo "2152"]
[PlyCount "64"]
[EventDate "2016.04.02"]
[EventType "swiss"]
[EventRounds "9"]
[EventCountry "ENG"]
[Source "John Saunders"]
[SourceDate "2016.04.28"]
[WhiteClock "1:21:13"]
[BlackClock "1:00:22"]

1. d4 d6 2. Nf3 Bg4 3. c4 Nd7 4. Nc3 g6 5. e4 Bxf3 6. Qxf3 Bg7 7. Be3 c5 8. Qd1
cxd4 9. Bxd4 Bxd4 10. Qxd4 Ngf6 11. Be2 a6 12. O-O O-O 13. Rfd1 Rc8 14. Bf1 Qb6
15. Nd5 Nxd5 16. exd5 Qxd4 17. Rxd4 Rc7 18. Re1 Nf6 19. h4 h5 20. b3 Rb8 21. a4
a5 22. g3 Ng4 23. Bh3 Ne5 24. Re3 f5 25. f4 Nf7 26. Bf1 Nd8 27. Kf2 Kf7 28. Ke1
Ra8 29. Rd2 b6 30. Bd3 Nb7 31. Kd1 Nc5 32. Bc2 Na6 1/2-1/2

[Event "Colin Crouch Masters 1st"]
[Site "Harrow High School"]
[Date "2016.04.06"]
[Round "5.5"]
[White "Britton, Richard L"]
[Black "Osborne, Marcus E"]
[Result "0-1"]
[WhiteElo "2186"]
[BlackElo "2213"]
[PlyCount "142"]
[EventDate "2016.04.02"]
[EventType "swiss"]
[EventRounds "9"]
[EventCountry "ENG"]
[Source "John Saunders"]
[SourceDate "2016.04.28"]
[WhiteClock "0:02:16"]
[BlackClock "0:05:49"]

1. e4 e6 2. d4 d5 3. Nc3 Nf6 4. e5 Nfd7 5. f4 c5 6. Nf3 Nc6 7. Be3 Qb6 8. Qd2
Qxb2 9. Rb1 Qa3 10. Rb3 Qa5 11. dxc5 Bxc5 12. Bxc5 Nxc5 13. Rb5 Qa3 14. Bd3 a6
15. Rb1 Qa5 16. O-O Bd7 17. Rfd1 O-O-O 18. Bf1 Na4 19. Nxa4 Qxa4 20. Rb6 Kc7
21. Rdb1 Bc8 22. c3 d4 23. cxd4 Nxd4 24. Qc3+ Nc6 25. a3 Rd5 26. R1b4 Qa5 27.
Bxa6 Qxb6+ 28. Rxb6 Kxb6 29. Bc4 Rd1+ 30. Kf2 Rhd8 31. Be2 R1d5 32. Ng5 Rd4 33.
g3 R8d7 34. Ke3 Kc7 35. Bb5 R4d5 36. a4 Kb8 37. Bc4 Rd1 38. Ne4 Ne7 39. Kf2 Rc7
40. Qb3 Rd4 41. Bd3 Bd7 42. a5 Bc6 43. Nc5 Ka8 44. Qb6 Nd5 45. Qb2 Rb4 46. Qa1
Bb5 47. Bxb5 Rxc5 48. Bf1 Rb3 49. a6 Rc2+ 50. Kg1 Rc6 51. Qa5 Ka7 52. axb7+
Kxb7 53. Qa2 Rbc3 54. Qa4 Rc1 55. Qb5+ Kc7 56. Qa5+ Kd7 57. Kf2 R6c2+ 58. Be2
Ke7 59. Qa3+ Ke8 60. Qa8+ Rc8 61. Qa4+ Kf8 62. Bd3 g6 63. g4 R1c3 64. Ke2 Rb8
65. Bb5 Rc5 66. Qa3 Rbxb5 67. f5 exf5 68. gxf5 gxf5 69. Qa8+ Kg7 70. Qd8 Rb2+
71. Kd3 Rc3+ 0-1